Aspekte der napatanischen Gesellschaft : archäologisches Inventar und funeräre Praxis im Friedhof von Sanam : Perspektiven einer kulturhistorischen Interpretation /

محفوظ في:

المؤلف الرئيسي: Lohwasser, Angelika (مؤلف)

مؤلف مشترك: Österreichische Akademie der Wissenschaften.

التنسيق: كتاب

اللغة: German

منشور في: Wien : Verlag der ÖsterreichischenAkademie der Wissenschaften, 2012.

سلاسل: Contributions to the archaeology of Egypt, Nubia and the Levant ; 1.
Denkschriften der Gesamtakademie ; 67.

الموضوعات:

الوسوم: إضافة وسم

لا توجد وسوم, كن أول من يضع وسما على هذه التسجيلة!

رقم الطلب: DT159.9 .S25 L648

LEADER 01445nam a22003377a 4500
003 OSt
005 20260420155002.0
008 260420t2012 au ab b 000 0 ger d
020 |a 3700170033 
020 |a 9783700170037 
040 |c ARCE Library 
043 |a f-sj--- 
050 1 4 |a DT159.9 .S25  |b L648 
100 1 |a Lohwasser, Angelika,   |e author  |9 34876 
245 1 0 |a Aspekte der napatanischen Gesellschaft :   |b archäologisches Inventar und funeräre Praxis im Friedhof von Sanam : Perspektiven einer kulturhistorischen Interpretation /   |c Angelika Lohwasser. 
264 1 |a Wien :   |b Verlag der ÖsterreichischenAkademie der Wissenschaften,   |c 2012. 
300 |a 524 pages :   |b illustrations, maps ;   |c 30 cm. +   |e 1 folded map in pocket. 
490 1 |a Contributions to the archaeology of Egypt, Nubia and the Levant ;   |v 1. 
490 1 |a Denkschriften der Gesamtakademie ;   |v 67. 
504 |a Includes bibliographical references (p. 511-524). 
650 0 |a Cemeteries  |z Nubia. 
650 0 |a Cushites  |x Funeral customs and rites. 
650 0 |a Excavations (Archaeology)  |z Sudan  |z Napata (Extinct city) 
651 0 |a Napata (Extinct city) 
651 0 |a Sanam Cemetery Site (Sudan) 
710 2 |a Österreichische Akademie der Wissenschaften. 
830 0 |a Contributions to the archaeology of Egypt, Nubia and the Levant ;   |v 1. 
830 0 |a Denkschriften der Gesamtakademie ;   |v 67. 
901 |a reviewed 
942 |c BK  |2 lcc 
999 |c 23100  |d 23100